Polozapomenuté postavy ekonomického myšlení – Silvio Gesell
Životný príbeh a reformátorské úsilie Silvio Gesella. Gesselova koncepcia bezúrokovej miery.
Saved in:
| Main Author: | |
|---|---|
| Format: | Book Chapter |
| Language: | Czech |
| Subjects: | |
| Tags: |
No Tags, Be the first to tag this record!
|
MARC
| LEADER | 00000naa a2200000 4500 | ||
|---|---|---|---|
| 001 | 0213038 | ||
| 005 | 20231116110903.0 | ||
| 041 | 0 | |a cze | |
| 044 | |a CZ | ||
| 245 | 1 | 0 | |a Polozapomenuté postavy ekonomického myšlení – Silvio Gesell |c Pavel Sirůček |
| 520 | |a Životný príbeh a reformátorské úsilie Silvio Gesella. Gesselova koncepcia bezúrokovej miery. | ||
| 610 | 2 | 0 | |a osobnosť |
| 610 | 2 | 0 | |a dejiny |
| 610 | 2 | 0 | |a reformy menové |
| 610 | 2 | 0 | |a úrok |
| 610 | 2 | 0 | |a Gesell, Silvio |
| 100 | 1 | |a Sirůček, Pavel | |